UBT Library

Criminal law / (Record no. 40625)

000 -LEADER
fixed length control field 00661cam a2200241 a 4500
001 - CONTROL NUMBER
control field 14986590
005 - DATE AND TIME OF LATEST TRANSACTION
control field 20180122033826.0
008 - FIXED-LENGTH DATA ELEMENTS--GENERAL INFORMATION
fixed length control field 070829s2007 caua b 001 0 eng
010 ## - LIBRARY OF CONGRESS CONTROL NUMBER
LC control number 2007936377
020 ## - INTERNATIONAL STANDARD BOOK NUMBER
International Standard Book Number 9780495390893
020 ## - INTERNATIONAL STANDARD BOOK NUMBER
International Standard Book Number 0495390895
040 ## - CATALOGING SOURCE
Original cataloging agency DLC
Transcribing agency DLC
Modifying agency DLC
041 ## - LANGUAGE CODE
Language code of text/sound track or separate title eng
043 ## - GEOGRAPHIC AREA CODE
Geographic area code n-us---
080 ## - UNIVERSAL DECIMAL CLASSIFICATION NUMBER
Universal Decimal Classification number 34 THO
100 1# - Rafti
Rafti 14
101 ## - Shkurtesa
Shkurtesa JUR
245 10 - TITLE STATEMENT
Title Criminal law /
Statement of responsibility, etc Thomas J. Gardner, Terry M. Anderson.
504 ## - BIBLIOGRAPHY, ETC. NOTE
Bibliography, etc Includes bibliographical references and index.
906 ## - LOCAL DATA ELEMENT F, LDF (RLIN)
a 7
b cbc
c orignew
d 2
e epcn
f 20
g y-gencatlg
942 ## - ADDED ENTRY ELEMENTS (KOHA)
Source of classification or shelving scheme
Item type Books
Holdings
Withdrawn status Lost status Source of classification or shelving scheme Damaged status Not for loan Collection code Permanent location Current location Shelving location Date acquired Total Checkouts Full call number Barcode Date last seen Price effective from Koha item type
          Koleksioni i përgjithshem UBT - Lipjan UBT - Lipjan Koleksioni i përgjithshem 01/22/2018   34 THO 002-2996055 01/22/2018 01/22/2018 Books
UBT Library © 2015-2024. All rights reserved University Education for Business and Technology